| Tag |
First Indicator |
Second Indicator |
Subfields |
| LEADER |
00000cas a2200000Ii 4500 |
| 001 |
in00003733751 |
| 005 |
20170110142451.0 |
| 006 |
m fo d |
| 007 |
cr ||||||||||| |
| 008 |
161025d19621970dcuuu oor 0 a0eng d |
| 035 |
|
|
|a (OCoLC)ocn961181353
|
| 040 |
|
|
|a JSTOR
|b eng
|e rda
|c JSTOR
|d JSTOR
|d OCLCF
|d TXA
|
| 022 |
|
|
|y 0362-482X
|
| 035 |
|
|
|a (OCoLC)961181353
|
| 037 |
|
|
|a 22573/ctt75b2kg
|b JSTOR
|
| 043 |
|
|
|a n-us---
|a n-cn---
|
| 050 |
|
4 |
|a L901
|b .U53 Electronic
|
| 082 |
0 |
4 |
|a 378.73
|2 23
|
| 049 |
|
|
|a TXAM
|
| 245 |
0 |
0 |
|a University resources in the United States and Canada for the study of linguistics.
|
| 264 |
|
1 |
|a Washington, DC :
|b Center for Applied Linguistics :
|b Secretariat of the Linguistic Society of America,
|c -1970.
|
| 300 |
|
|
|a online resource
|
| 336 |
|
|
|a text
|b txt
|2 rdacontent
|
| 337 |
|
|
|a computer
|b c
|2 rdamedia
|
| 338 |
|
|
|a online resource
|b cr
|2 rdacarrier
|
| 362 |
1 |
|
|a Print began with: 1st edition (1962); ceased with: 7th revised edition (1969/1970).
|
| 588 |
|
|
|a Description based on: 7th revised edition (1969/1970) ; title from front matter (JSTOR Web site, viewed October 25, 2016).
|
| 588 |
|
|
|a Latest issue consulted: 7th revised edition (1969/1970) (viewed October 25, 2016).
|
| 650 |
|
0 |
|a Universities and colleges
|z United States
|v Directories.
|
| 650 |
|
0 |
|a Linguistics
|x Study and teaching
|z United States.
|
| 650 |
|
0 |
|a English language
|x Study and teaching
|x Foreign speakers.
|
| 650 |
|
7 |
|a English language
|x Study and teaching
|x Foreign speakers.
|2 fast
|0 (OCoLC)fst00911692
|
| 650 |
|
7 |
|a Linguistics
|x Study and teaching.
|2 fast
|0 (OCoLC)fst00999230
|
| 650 |
|
7 |
|a Universities and colleges.
|2 fast
|0 (OCoLC)fst01161597
|
| 651 |
|
7 |
|a United States.
|2 fast
|0 (OCoLC)fst01204155
|
| 655 |
|
7 |
|a Directories.
|2 fast
|0 (OCoLC)fst01423796
|
| 710 |
2 |
|
|a Center for Applied Linguistics,
|e issuing body.
|
| 710 |
2 |
|
|a Linguistic Society of America.
|b Secretariat.
|
| 776 |
0 |
8 |
|i Print version:
|t University resources in the United States and Canada for the study of linguistics
|x 0362-482X
|w (OCoLC)2061323
|
| 785 |
0 |
0 |
|t Guide to programs in linguistics
|w (OCoLC)961180081
|
| 948 |
|
|
|a cataloged
|b h
|c 2017/1/10
|d c
|e spoltoratski
|f 2:24:34 pm
|
| 994 |
|
|
|a C0
|b TXA
|
| 999 |
f |
f |
|s 1a3d24b1-117b-379d-8f30-6e995e0ee0b0
|i eacfda68-2955-3a7d-b074-d5f3f460b88c
|t 0
|
| 952 |
f |
f |
|a Texas A&M University
|b College Station
|c Electronic Resources
|d Available Online
|t 0
|e L901 .U53
|g Electronic
|h Library of Congress classification
|
| 998 |
f |
f |
|a L901 .U53
|t 0
|l Available Online
|